| 000 | 00914cam a2200289 a 4500 | ||
|---|---|---|---|
| 001 | 15015935 | ||
| 005 | 20161027161329.0 | ||
| 008 | 070921s2008 enka b 001 0 eng | ||
| 010 | _a 2007038803 | ||
| 020 | _a9780415422437 (hardback) | ||
| 020 | _a0415422434 (hardback) | ||
| 020 | _a9780415422444 (pbk.) | ||
| 020 | _a0415422442 (pbk.) | ||
| 020 | _a9780203929193 (ebook) | ||
| 020 | _a0203929195 (ebook) | ||
| 082 | 0 | 0 |
_a320 _222 _bTAN |
| 100 | 1 |
_aTansey, Stephen D., _d1942- _933841 |
|
| 245 | 1 | 0 |
_aPolitics : _bthe basics / _cStephen D. Tansey and Nigel Jackson. |
| 250 | _a4th ed. | ||
| 260 |
_aLondon ; _aNew York: _bRoutledge, _c2008. |
||
| 300 |
_axvii, 280 p. : _bill. ; _c20 cm. |
||
| 504 | _aIncludes bibliographical references (p. [249]-266) and index. | ||
| 650 | 0 |
_aPolitical science. _933842 |
|
| 653 |
_bPol _cSeptember2013 |
||
| 700 | 1 |
_933843 _aJackson, Nigel A. |
|
| 942 |
_2ddc _cBB |
||
| 999 |
_c17581 _d17553 |
||